01647nam a2200433 i 450000100060000000300080000600500170001400600190003100700150005000800410006502000180010602000270012403500230015103500240017403500250019803500210022304000310024405000200027508000070029508200120030210000210031424501250033526400410046030000410050133600310054233700330057333800430060649000350064950400430068458801280072759001590085565000180101465000200103265500270105279700190107983000360109885600620113499900170119638357FlNmELB20241216221556.0m o d | cr cnu||||||||161213s2015 ag ob 000 0 spa d z9789870000000 a9781512932331 (e book) a(MiAaPQ)EBC4676035 a(Au-PeEL)EBL4676035 a(CaPaEBR)ebr11259586 a(OCoLC)984803790 aFINmELBbspaerdacFINmELB 4aGN25bR466 2015 a390 a3012231 aReynoso, Carlos.10aCrítica de la antropología perspectivista :bViveiros de Castro - Philippe Descola - Bruno Latour /cCarlos Reynoso. 1aBuenos Aires :bSB Editorial,c2015. a1 recurso en línea (312 páginas) atextobtxt2rdacontent/spa acomputadorabc2rdamedia/spa arecurso en líneabcr2rdacarrier/spa1 aColección Complejidad humana aContiene referencias bibliográficas. aDescripción basada en recurso en línea; Título de la página del título en PDF (e-libro, visto December 13, 2016). aRecurso electronico. Santa Fe, Arg. : e-libro, 2016. Disponible via World Wide Web. El acceso puede ser limitado para las bibliotecas afiliadas a e-libro. 0aAnthropology. 4aAntropología. 4aLibros electrónicos.2 ae-libro, Corp. 0aColección Complejidad humana.40uhttps://elibro.net/ereader/politecnicointernacional/77089 c38357d38357